000 00949nam a22003017a 4500
003 CHAP
005 20220817041912.0
008 971013s1971 r 00010 d
010 _a28212
011 _a29184
035 _a33295
040 _cCHAP
082 _a028.7
_bC6
110 _aConsejo Nacional de Ciencia y Tecnología. México
245 _aExposición de obras de consulta y servicios de información
260 _aMéxico :
_bCONACYT,
_c1971
300 _as.p.
500 _aMimeógrafo
590 _aBATCH-UPD
_b10
_c20130110
_lUCH01
_h2148
590 _aBATCH-UPD
_b10
_c20130410
_lUCH01
_h1457
590 _aBATCH-UPD
_b10
_c20130914
_lUCH01
_h1849
590 _aCONVERSION
_b10
_c20130109
_lUCH01
_h1316
650 1 4 _aObras de consulta
_xBibliografía.
_982532
901 _aBK
942 _cLIBRO
949 _a028.7 C6
_bBC
_cB
_d-77438
_eB
_fc.2
_h60600
_i33295
_si
949 _a028.7 C6
_bBC
_cB
_d33724000480083
_eB
_h38082
_i33295
_mD
_sb
999 _c28212
_d28212